|
|
|
|
| LEADER |
01161pam a22003258a 4500 |
| 001 |
00037080 |
| 005 |
20210330150349.0 |
| 008 |
170424s2017 ||||||Viesd |
| 020 |
# |
# |
|a 978 604 1 00555 6
|c 75000
|
| 041 |
0 |
# |
|a Vie
|
| 082 |
1 |
4 |
|a 530.12
|b V400TR
|
| 100 |
1 |
# |
|a Stephen, Hawking
|
| 245 |
0 |
0 |
|a Vũ trụ trong vỏ hạt dẻ
|c Stephen, Hawking;Đặng Vĩnh Thiên; Chu Hảo (hiệu đính); Nguyễn Tiến Dũng...[Và những người khác]
|
| 250 |
# |
# |
|a tái bản lần thứ 15
|
| 260 |
# |
# |
|a Tp. Hồ Chí Minh
|b trẻ
|c 2017
|
| 300 |
# |
# |
|a 254tr.
|c 20 cm.
|
| 653 |
# |
# |
|a Thuyết lượng tử
|
| 653 |
# |
# |
|a Hạt dẻ
|
| 653 |
# |
# |
|a Vũ trụ
|
| 653 |
# |
# |
|a Vỏ
|
| 700 |
1 |
# |
|a Stephen, Hawking
|
| 700 |
1 |
# |
|a Thái, Trần Bái
|
| 700 |
1 |
# |
|e dịch
|a Nguyễn, Tiến Dũng
|
| 700 |
1 |
# |
|e dịch
|a Vũ, Hồng Nam
|
| 700 |
1 |
# |
|e hiệu đính
|a Chu, Hảo
|
| 700 |
1 |
# |
|e hiệu đính
|a Đặng, Vĩnh Thiên
|
| 852 |
# |
# |
|j KD.0019883
|
| 852 |
# |
# |
|j KD.0019883
|b Kho đọc
|
| 910 |
# |
# |
|d 24/04/2017
|
| 980 |
# |
# |
|a Trung tâm Học liệu Lê Vũ Hùng, Trường Đại học Đồng Tháp
|